Pozvání k lásce : cesta křesťanské kontemplace /

Hlavní autor: Keating, Thomas, 1923-2018
Další autoři: Blažek, Vladimír
Jazyk: Čeština
Vydáno: Praha : Alpha Book, 2019
Vydání: Vydání druhé, v Alpha Book první
Edice: Fénix (Alpha Book)
Témata:
Fyzický popis: 242 stran ; 20 cm
Knihy
Uloženo v:
LEADER 02487cam a2200649 i 4500
001 nkc20193136092
003 CZ PrNK
005 20210816094101.0
007 ta
008 190903s2019 xr e f 000 0 cze d
015 |a cnb003136092 
020 |a 978-80-87529-35-5  |q (brožováno) :  |c Kč 288,00 
035 |a (OCoLC)1237098572 
040 |a OSA001  |b cze  |d OLA001  |e rda 
041 1 |a cze  |h eng 
072 7 |a 27-5  |x Liturgie. Křesťanské umění a symbolika. Duchovní život  |2 Konspekt  |9 5 
080 |a 27-583  |2 MRF 
080 |a 27-584.5  |2 MRF 
080 |a 27-184  |2 MRF 
080 |a 27  |2 MRF 
080 |a 27-58  |2 MRF 
080 |a 159.9  |2 MRF 
080 |a (0.062)  |2 MRF 
100 1 |a Keating, Thomas,  |d 1923-2018  |7 xx0135804  |4 aut 
240 1 0 |a Invitation to love.  |l Česky 
245 1 0 |a Pozvání k lásce :  |b cesta křesťanské kontemplace /  |c Thomas Keating ; přeložil Vladimír Blažek 
246 3 0 |a Cesta křesťanské kontemplace 
250 |a Vydání druhé, v Alpha Book první 
264 1 |a Praha :  |b Alpha Book,  |c 2019 
300 |a 242 stran ;  |c 20 cm 
336 |a text  |b txt  |2 rdacontent 
337 |a bez média  |b n  |2 rdamedia 
338 |a svazek  |b nc  |2 rdacarrier 
490 1 |a Fénix ;  |v svazek 5 
500 |a Přeloženo z angličtiny 
500 |a Terminologický slovník 
504 |a Obsahuje bibliografii 
650 0 7 |a kontemplace  |7 ph121815  |x křesťanské pojetí  |2 czenas 
650 0 7 |a kontemplativní modlitba  |7 ph121816  |x křesťanské pojetí  |2 czenas 
650 0 7 |a duchovní cesta  |7 ph119626  |x křesťanské pojetí  |2 czenas 
650 0 7 |a Bůh a člověk  |7 ph116953  |x křesťanské pojetí  |2 czenas 
650 0 7 |a křesťanská spiritualita  |7 ph138493  |x psychologické aspekty  |2 czenas 
650 0 9 |a contemplation  |x Christian approach  |2 eczenas 
650 0 9 |a contemplative prayer  |x Christian approach  |2 eczenas 
650 0 9 |a spiritual path  |x Christian approach  |2 eczenas 
650 0 9 |a relations between God and man  |x Christian approach  |2 eczenas 
650 0 9 |a Christian spirituality  |x psychological aspects  |2 eczenas 
655 7 |a populárně-naučné publikace  |7 fd131864  |2 czenas 
655 9 |a popular works  |2 eczenas 
700 1 |a Blažek, Vladimír  |7 jx20041122012  |4 trl 
830 0 |a Fénix (Alpha Book)  |0 s 
910 2 |a BOA001  |b 1-1440.437 
920 |a 000775953  |z OSA001 
990 |a BK 
995 |a 01 
991 |b 201912  |c NOV 
996 6 |b 2610806930  |c 1-1440.437  |l MZK  |r Sklad / do 1 hodiny  |n 0  |p p.v.  |w 001769824  |u 000010  |a 1  |e BOA001  |j MZK50  |s P